The Licensing of Houses in Multiple Occupation (Prescribed Descriptions) (England) Order 2006 (Record no. 105310)

MARC details
000 -LEADER
fixed length control field 01501cam a2200265 4500
001 - CONTROL NUMBER
control field ##L133008
008 - FIXED-LENGTH DATA ELEMENTS--GENERAL INFORMATION
fixed length control field 060403n2006 000 0 eng u
020 ## - INTERNATIONAL STANDARD BOOK NUMBER
International Standard Book Number 0110740769
035 ## - SYSTEM CONTROL NUMBER
System control number (Sirsi) u133008
041 0# - LANGUAGE CODE
Language code of text/sound track or separate title eng
245 04 - TITLE STATEMENT
Title The Licensing of Houses in Multiple Occupation (Prescribed Descriptions) (England) Order 2006
260 ## - PUBLICATION, DISTRIBUTION, ETC.
Place of publication, distribution, etc. London
Name of publisher, distributor, etc. TSO
Date of publication, distribution, etc. 2006
490 #0 - SERIES STATEMENT
Series statement SI
Volume/sequential designation 2006: 371
520 ## - SUMMARY, ETC.
Summary, etc. Prescribes a description of a house in multiple occupation (HMO) to which the Housing Act 2004 Part II applies. Under s61(1) of the Act every HMO to which Part II of the Act applies must be licensed unless it is subject to either a temporary exemption notice under s62 of the Act or an interim or final management order under Chapter 1 of Part IV of the Act. Applies to HMOs in England but does not apply to converted blocks of flats to which s257 of the Act applies.
650 24 - SUBJECT ADDED ENTRY--TOPICAL TERM
Topical term or geographic name entry element HOUSING ACT 2004
650 24 - SUBJECT ADDED ENTRY--TOPICAL TERM
Topical term or geographic name entry element HOUSING ACT 2004 PART II
650 24 - SUBJECT ADDED ENTRY--TOPICAL TERM
Topical term or geographic name entry element HOUSING ACT 2004 S61(1)
650 24 - SUBJECT ADDED ENTRY--TOPICAL TERM
Topical term or geographic name entry element HOUSING ACT 2004 S62
650 24 - SUBJECT ADDED ENTRY--TOPICAL TERM
Topical term or geographic name entry element HOUSING ACT 2004 PART IV CHAPTER 1
650 24 - SUBJECT ADDED ENTRY--TOPICAL TERM
Topical term or geographic name entry element HOUSING ACT 2004 S257
650 24 - SUBJECT ADDED ENTRY--TOPICAL TERM
Topical term or geographic name entry element LICENSING AND MANAGEMENT OF HOUSES IN MULTIPLE OCCUPATION (PRESCRIBED DESCRIPTIONS)(ENGLAND) ORDER 2006
690 ## - LOCAL SUBJECT ADDED ENTRY--TOPICAL TERM (OCLC, RLIN)
Topical term or geographic name as entry element PROPERTY-LEASEHOLD PROPERTY-LANDLORD AND TENANT-LANDLORD AND TENANT REFORM
856 40 - ELECTRONIC LOCATION AND ACCESS
Uniform Resource Identifier <a href="https://www.legislation.gov.uk/uksi/2006/371/pdfs/uksi_20060371_en.pdf">https://www.legislation.gov.uk/uksi/2006/371/pdfs/uksi_20060371_en.pdf</a>
Public note View the Regulations free of charge at the www.legislation.gov.uk website.
942 ## - ADDED ENTRY ELEMENTS (KOHA)
Suppress in OPAC 0
Holdings
Withdrawn status Lost status Source of classification or shelving scheme Damaged status Not for loan Home library Current library Shelving location Date acquired Total Checkouts Full call number Barcode Date last seen Copy number Price effective from Koha item type
    Dewey Decimal Classification     Virtual Virtual Online 03/04/2006   ONLINE PUBLICATION 133008-2001 06/08/2019 1 06/08/2019 Book